000 00687cam a2200193 4500
001 ABS60822
008 000000n1999 000 0 eng u
035 _a(Sirsi) u101321
100 _aStewart, A.
245 _aBeginning of the upturn - for some.
260 _c1999
490 _aBuilding Intelligence
_vJune 1999, 10-11(2)
520 _aThe German construction industry has been in recession for the last six years, however the signs now point to recovery. The situation is patchy, with the commercial market flourishing but the housing market still slow.
650 _aGERMANY
650 _aCONSTRUCTION INDUSTRY
650 _aECONOMICS
690 _aOVERSEAS
942 _n0
999 _c60470
_d60470